Hep çözüm aradım (Record no. 6732)

MARC details
000 -BAŞLIK
Sabit Uzunlukta Kontrol Alanı 00623na a2200241 4500
001 - KONTROL NUMARASI
Denetim Alanı 15387
003 - KONTROL NUMARASI IDENTIFIER
Denetim Alanı MIRAKIL
005 - SON İŞLEM TARİHİ VE ZAMANI
Denetim Alanı 20181213155117.0
008 - SABİT-BOY VERİ ELEMANLARI - GENEL BİLGİLER
Sabit Uzunlukta Kontrol Alanı 161024b tu 000 0
035 ## - SİSTEM KONTROL NUMARASI
Sistem Kontrol Numarası 15387
040 ## - KATALOGLAMA KAYNAK
Orijinal Kataloglama Ajansı Milas
Kataloglama Dili tur
Metne Dönüştürmek Ajansı TR-AnCHP
041 ## - DİL KODU
Metin / Ses Parça Veya Ayrı Başlığın Dil Kodu tur
082 ## - DEWEY ONLU SINIFLANDIRMA NUMARASI
Sınıflandırma Numarası 926.2
Ürün Numarası Ç36h 2011
090 ## - SINIFLAMA NUMARASI
Sınıflama Numarası 926.2 Ç36h 2011
100 ## - ANA GİRİŞ - KİŞİSEL İSİM
Kişisel Ad Çepni, Ertuğrul
245 ## - BAŞLIK TABLOSU
Başlık Hep çözüm aradım
Sorumluluk Tablosu, Vb Ertuğrul Çepni
260 ## - YAYIN, DAĞITIM, VB
Yayın, Dağıtım, Vb Yeri Samsun
Yayıncı, Dağıtıcı, Vs Adı [yay.y.]
Yayın, Dağıtım, Vb Tarihi 2011
300 ## - FİZİKSEL TANIM
Kapsam 103 s.
Boyutlar 20 sm.
600 ## - KONU KATMA GİRİŞ - KURUMSAL ADI
Kişisel Ad Çepni, Ertuğrul
Genel Alt Bölümü Denemeler
650 ## - KONU KATMA GİRİŞ - TOPİKAL DÖNEM
Topikal Süreli Veya Coğrafi Ad Giriş Elemanı Bilişim
Genel Alt Bölümü Türkler
650 ## - KONU KATMA GİRİŞ - TOPİKAL DÖNEM
Topikal Süreli Veya Coğrafi Ad Giriş Elemanı Teknoloji
Genel Alt Bölümü Mühendisler
942 ## - EKLENDİ GİRİŞ ELEMANLARI (KOHA)
Sınıflandırma Veya Raf Düzeni Kaynak Dewey Decimal Classification
Koha Öğesi Türü Books
999 ## - SİSTEM KONTROL NUMARALARI (KOHA)
Koha Biblionumber 6732
Koha Biblioitemnumber 6732
Holdings
Kalıcı Konum Mevcut Konum Edinme Tarihi Edinim Kaynak Toplam Check-Out'Lar Tam Çağrı Numarası Barkod Tarih Son Görülme İtibaren Geçerli Fiyatlar Koha Öğesi Türü Kopya Sayısı
CHP Kütüphanesi CHP Kütüphanesi 10/24/2016 Bağış   926.2 Ç36h 2011 007650 10/24/2016 10/24/2016 Books  
CHP Kütüphanesi CHP Kütüphanesi 10/24/2016 Bağış   926.2 Ç36h 2011 007651 10/24/2016 10/24/2016 Books k.2